Kaise asafal hote hai bacche? (Record no. 1385759)

MARC details
000 -LEADER
fixed length control field 00553nam a2200205Ia 4500
005 - DATE AND TIME OF LATEST TRANSACTION
control field 20250508163858.0
008 - FIXED-LENGTH DATA ELEMENTS--GENERAL INFORMATION
fixed length control field 008 250505s9999 xx 000 0 hin d
037 ## - SOURCE OF ACQUISITION
Stock number TextBook
040 ## - CATALOGING SOURCE
Original cataloging agency FEDL
Language of cataloging eng
Transcribing agency FEDL
041 ## - LANGUAGE CODE
Language code of text/sound track or separate title hin
Source of code eng
084 ## - COLON CLASSIFICATION NUMBER
Classification number 153.15, HOL
Assigning agency FEDL
100 ## - MAIN ENTRY--PERSONAL NAME
Personal name Holt John
245 #0 - TITLE STATEMENT
Title Kaise asafal hote hai bacche?
260 ## - PUBLICATION, DISTRIBUTION, ETC.
Place of publication, distribution, etc. Delhi, India
Name of publisher, distributor, etc. Prem Nath and Sons
Date of publication, distribution, etc. 2000
300 ## - PHYSICAL DESCRIPTION
Extent 111p
365 ## - TRADE PRICE
Price type code INR
Price amount 150
650 ## - SUBJECT ADDED ENTRY--TOPICAL TERM
Topical term or geographic name entry element Psychology-Learning
9 (RLIN) 764788
942 ## - ADDED ENTRY ELEMENTS (KOHA)
Koha item type Textbook
Classification part 153.15, HOL
Holdings
Withdrawn status Lost status Damaged status Not for loan Home library Current library Date acquired Cost, normal purchase price Total Checkouts Full call number Barcode Date last seen Price effective from Koha item type
        Department of Education Library Department of Education Library 2025-05-08 150.00   153.15, HOL EL0079334 2025-05-08 2025-05-08 Textbook
Copyright @ Delhi University Library System